Những câu hỏi thường gặp trong công nghệ sản xuất nguyên liệu giấy và bột giấy
Cuốn sách bao gồm 118 câu hỏi và lời giải đáp về những vấn đề kỹ thuật thường gặp trong quá trình sản xuất bột giấy
保存先:
| 第一著者: | |
|---|---|
| フォーマット: | 図書 |
| 言語: | Undetermined |
| 出版事項: |
Hà Nội
Nông Nghiệp
2015
|
| 主題: | |
| タグ: |
タグ追加
タグなし, このレコードへの初めてのタグを付けませんか!
|
| Thư viện lưu trữ: | Trung tâm Học liệu Trường Đại học Cần Thơ |
|---|
| LEADER | 00992nam a2200205Ia 4500 | ||
|---|---|---|---|
| 001 | CTU_216077 | ||
| 008 | 210402s9999 xx 000 0 und d | ||
| 082 | |a 676.1 | ||
| 082 | |b A105 | ||
| 100 | |a Cao, Quốc An | ||
| 245 | 0 | |a Những câu hỏi thường gặp trong công nghệ sản xuất nguyên liệu giấy và bột giấy | |
| 245 | 0 | |c Cao Quốc An, Nguyễn Minh Hùng | |
| 260 | |a Hà Nội | ||
| 260 | |b Nông Nghiệp | ||
| 260 | |c 2015 | ||
| 520 | |a Cuốn sách bao gồm 118 câu hỏi và lời giải đáp về những vấn đề kỹ thuật thường gặp trong quá trình sản xuất bột giấy | ||
| 650 | |a Paper industry,Papermaking,Công nghiệp giấy,Sản xuất giấy | ||
| 650 | |x Technological innovations,Đổi mới công nghệ | ||
| 904 | |i Qhieu - Tú Ngân, Khánh Ngân, Linh, Sương | ||
| 980 | |a Trung tâm Học liệu Trường Đại học Cần Thơ | ||